000
00344nam a2200157Ia 4500
003
OSt
005
20231230051749.0
008
170524s9999 xx 000 0 und d
020
_a
8131701581
040
_c
IIMT UNIVERSITY
100
_a
Volkenburg MEV
245
0
_a
Networks Analysis
260
_b
Pearson
260
_c
2007
942
_2
ddc
_c
02
999
_c
4826
_d
4826